000 008030000a22002410004500
003 LK-CoMWRAF
005 20231109094603.0
008 230817t1993 ||||| |||| 00| 0 eng d
020 _a187996032X
040 _aLK-CoMWRAF
_dLK-CoMWRAF
_eLK-CoMWRAF
041 _aeng
082 _a810.8
_bOUR
245 _aOur Feet Walk the Sky:
_bWomen of the South Asian Diaspora
260 _aSan Francisco:
_bAunt Lute Books,
_c1993
300 _axvii, 372 p. ; 23 cm.
650 _aAMERICAN LITERATURE-South Asian American authors
650 _aSouth Asian American women--Intellectual life.
650 _aFeminism and literature--United States
653 _aEthnicity in literature
653 _a Women--South Asia--Social conditions.
710 _a Women of South Asian Descent Collective
942 _cBK
999 _c856
_d856